000 00210nam a22000977a 4500
999 _c16236
_d16236
003 OSt
008 200625b ||||| |||| 00| 0 eng d
100 _aA aroor
_94635
245 _aMalayala shakunthlam
942 _cBK